Datum a čas kvízu
37
Celkem bodů
Celkový počet nahraných bodů na tomto kvízu bez doplňovacích otázek.
1.
Pořadí na kvízu
Konečné umístění týmu na tomto kvízu.
Zaznamenané odpovědi
# | Otázka | Odpověď | Body | Výsledky |
---|---|---|---|---|
1. | Nejvyšší soud v pondělí defini... | proti pokutám za dopravní přestupky | 0 | |
2. | Ve středu lehla popelem zbrusu... | v Německu | 1 | |
3. | Minulý týden měla premiéru fil... | Výjimečný stav, Jan Hřebejk | 0 | |
4. | Ve které evropské metropoli se... | v Paříži | 1 | |
5. | Minulý týden proběhla ve španě... | enduro / (terénní) motocykly | 1 | |
6. | Tentokrát se v gastronomickém... | tenderizér | 0 | |
7. | Napište dvě slova pocházející... | sous-vide | 1 | |
8. | Nyní se podíváme na symboly, k... | č. 4 | 1 | |
9. | Napište značku nádobí, kterou... | Remoska | 1 | |
10. | Tento nástroj je používán při... | ústřice | 1 |